000 00392pab a2200145 454500
008 180718b1985 xxu||||| |||| 00| 0 eng d
100 _aKemp, Roger L.
245 _aThe council - manager form of government in the United States
260 _c1985
300 _a392-9
362 _aMay
650 _aMunicipal Government - U.S.A.
773 _aJournal of Rural Development
909 _a13952
999 _c13952
_d13952